|
|
|
|
| LEADER |
00000nab a2200000 ar4500 |
| 001 |
vtls010057781 |
| 003 |
SK-MaSNL |
| 005 |
20260309123856.0 |
| 008 |
100127c1973 xo |r|p|||||||000 b|slo |
| 015 |
|
|
|a SNBRB1973
|
| 038 |
|
|
|a SNKBUCL
|
| 040 |
|
|
|a SNKBUCL
|b slo
|c SNKBUCL
|e AACR2
|
| 041 |
|
|
|a slo
|
| 044 |
|
|
|a xo
|c SK
|
| 080 |
|
|
|a 792.9
|2 2001
|
| 100 |
1 |
|
|a Hatalová, Katarína,
|d 1931-
|4 aut
|9 226355
|
| 245 |
1 |
0 |
|a Nedbal v novej koncepcii
|c Katarína Hatalová
|
| 600 |
1 |
7 |
|a Nedbal, Oskar,
|d 1874-1930
|t Z rozprávky do rozprávky
|2 snkbucl
|9 247374
|
| 610 |
2 |
7 |
|a Divadlo Jozefa Gregora Tajovského.
|b Opera
|2 snkbucl
|9 165618
|
| 655 |
|
7 |
|a recenzie
|2 snkbucl
|9 21907
|
| 773 |
0 |
|
|t Ľud
|g (18.5.1973), s. 5
|
| 852 |
|
|
|a SNK
|b KIS3GCP
|
| 958 |
|
|
|a RC
|
| 999 |
|
|
|c 2156821
|d 2158751
|